Statistics for Taylor Swift Song Titles By Desciption

Click here to take the quiz!

General Stats

  • This quiz has been taken 53 times
  • The average score is 21 of 35

Answer Stats

HintAnswer% Correct
The first color of the rainbowRed
100%
The eighth month of the yearAugust
91%
Yourself in the first personMe
91%
The age of someone in the US a year after they can legally drink22
88%
Difficulties that happen due to an alcoholic drink used to celebrateChampagne Problems
84%
To talk at this very momentSpeak Now
84%
A warm weather long sleeve knit sweater open in the frontCardigan
81%
A purple flower fog that also means to be obliviously in loveLavender Haze
81%
Going into the past to the last month of the yearBack to December
78%
An empty spotBlank Space
75%
The lack of being scaredFearless
75%
A vehicle normally used in crimes when leaving the sceneGetaway Car
75%
Being not guiltyInnocent
75%
The water that comes from crying covering somebody's medium sized string instrumentTeardrops On My Guitar
75%
A mean or harsh warm season of the yearCruel Summer
69%
Being killed due to ten hundred incisions on your bodyDeath by a Thousand Cuts
69%
Someone who is very affectionateLover
69%
The very best large scale fight which also is a name for WWIThe Great War
69%
The craziest version of an imagination that happens when you sleepWildest Dreams
69%
Water falling from the sky during the time of day/night when one day ends and the next beginsMidnight Rain
63%
A nickname for ElizabethBetty
59%
The surname or title of a man who is amazingly okayMr. Perfectly Fine
59%
A writing of lyrics with rhythm that is owned by both me and youOur Song
56%
A photographic representation that is being set ablazePicture to Burn
56%
A jewelry metal whose color is a shade of yellow with urgent paceGold Rush
53%
The action of not taking responsibility for yourself doing something badDon't Blame Me
41%
A narrative of a deep liking emotionLove Story
41%
Something that is greater than the act of getting the best of someone elseBetter Than Revenge
38%
Having the knowledge of the fact somebody was not a good personI Knew You Were Trouble
34%
Using your leg muscles to push off of something before moving on a downward trajectoryJump Then Fall
34%
The absence of the physical structure of something plus the absence of illegal actionNo Body No Crime
28%
An action of sight focused on something that someone else forced you to take action inLook What You Made Me Do
25%
Losing something due to jerking movementShake it Off
22%
People who feel a deep love that didn't exist beforeNew Romantics
13%
The singular person who is having unprecedented actions brought by chanceThe Lucky One
6%

Score Distribution

Percentile by Number Answered

Percent of People with Each Score

Your Score History

You have not taken this quiz